[Event "Frascati Santa Cecilia op 2nd"]
[Site "Frascati"]
[Date "2009.11.21"]
[Round "2"]
[White "Lelli, Adriano"]
[Black "Martorelli, Antonio"]
[Result "0-1"]
[WhiteElo "1957"]
[BlackElo "2224"]
[PlyCount "60"]
[EventDate "2009.11.20"]
[EventType "swiss"]
[EventRounds "5"]
[EventCountry "ITA"]
[SourceTitle "EXT 2012"]
[Source "ChessBase"]
[SourceDate "2011.11.24"]
[SourceVersion "1"]
[SourceVersionDate "2011.11.24"]
[SourceQuality "1"]

1. e4 c5 2. Nf3 e6 3. d4 cxd4 4. Nxd4 a6 5. Nc3 Qc7 6. Be3 Bb4 7. Nde2 Nf6 8. a3 Be7 9. Nd4 b5 10. Bd3 Bb7 11. 0-0 Nc6 12. Nxc6 Qxc6 13. f3 d6 14. Ne2 0-0 15. a4 b4 16. c3 Nd7 17. Nd4 Qc7 18. Rc1 Nc5 19. b3 Bf6 20. Ne2 Rad8 21. Qc2 Be5 22. f4 Bf6 23. Ng3 g6 24. f5 exf5 25. exf5 Rfe8 26. Bxc5 dxc5 27. fxg6 Bd4+ 28. Kh1 hxg6 29. Rce1 Kg7 30. Be4 Qxg3 0-1